Prc̀tica del amparo

Bibliographic Details
Main Author: Carranza Torres, Luis R.
Format: eBook
Language:Spanish
Published: Cr̤doba: Alveroni Ediciones, 2004
Subjects:
Online Access:Acceso restringido

MARC

LEADER 00000nam a22000007a 4500
005 20140424233043.0
007 cr|||| ||||
008 140424s2004 ar |||||s|||| 00||0 spa d
035 |a 12026 
040 |a vLex 
090 |c 4836  |d 4836 
100 1 |a Carranza Torres, Luis R. 
245 1 0 |a Prc̀tica del amparo  |h [Recurso electrn̤ico] /  |c Luis R. Carranza Torres 
256 |a Servicio en ln̕ea 
260 |a Cr̤doba:  |b Alveroni Ediciones,  |c 2004 
300 |a 1 recurso electrn̤ico 
506 1 |a Disponible solo en los productos indicados  |d vLex Global  |d vLex Global (Academic Edition, excluding Law Schools)  |d vLex Global (U.S. Academic Edition, Law Schools)  |d vLex Global (U.S. Academic Edition, excluding Law Schools)  |d vLex Global (Academic Edition, Law Schools) 
650 0 4 |a Derecho Constitucional  |z Argentina 
650 0 4 |a Derecho Procesal  |z Argentina 
740 0 |a vLex Libros (Servicio en ln̕ea) 
856 4 0 |u http://vlex.com/source/practica-amparo-12026  |z Acceso restringido 
942 |c BOOK 
999 0 |a Constitutional Law  
999 0 |a Litigation